[Event "Begrüßungsturnier Super Nova 4"]
[Site "Turnierstufe"]
[Date "2023.05.22"]
[Round "4"]
[White "Kishon Chesster"]
[Black "Super Nova"]
[Result "1-0"]
[WhiteElo "1818"]
[BlackElo "1817"]
[EventDate "????.??.??"]
[PlyCount "117"]

{Super Nova setzt das Bauernendspiel in den Sand.} 1.e4 e5 2.Nf3 d6 {Buchende.} 
3.Bc4 {Buchende.} 3...Nf6 4.Nc3 Bg4 5.O-O Nc6 6.h3 Bh5 7.Bb5 Be7 8.d4 exd4 
9.Qxd4 O-O 10.Qe3 Ne5 11.Be2 Re8 12.Qf4 Bf8 13.Be3 Ng6 14.Qf5 Bxf3 15.Qxf3 d5 
16.exd5 Ne5 17.Qf5 Nxd5 18.Nxd5 Qxd5 19.c4 Qc6 20.b3 Bc5 21.Bxc5 Qxc5 22.Rad1 
Rad8 23.b4 Qe7 24.c5 Nc6 25.Bb5 Nd4 26.Rxd4 Rxd4 27.Bxe8 Qxe8 28.a3 Rd2 29.Qf4 
Qd7 30.Re1 h6 31.Re8+ Qxe8 32.Qxd2 Kh8 {Kishon Chesster: "Naja..." Zwar hat Weiß
mehr Raum, aber bis jetzt war die gesamte Partie ausgeglichen.} 33.f4 Qe7 34.g4 
Kh7 35.Qd3+ g6 36.Kg2 Kg7 37.Kf3 Qf6 38.f5 gxf5 39.gxf5 Qh4 40.Kg2 Qg5+ 41.Kh2 
Qf4+ 42.Qg3+ Qxg3+ 43.Kxg3 {Bei beidseitig richtigem Spiel ist das Remis.} 
43...Kf8 $4 {Schlimmer geht's nicht.} 44.f6 $1 {Der Sargnagel.} 44...Ke8 
{(0.00)} 45.Kg4 Kd7 46.Kf5 $2 {Autsch. Weiß will den f-Bauern nicht verlieren.} 
46...Kc6 47.h4 Kb5 $2 {Lädt den Gegner förmlich nach h6 ein.} ( 47...b6 $1 ) 
48.Kg4 Ka4 {zu langsam, Super Nova sagt +0.81.} 49.Kh5 Kxa3 50.Kxh6 {Chesster
scheint noch nichts zu erkennen, denn er schweigt. Super Nova spielt} 50...Kxb4 
{und sagt -4.80.} 51.Kg7 a5 52.Kxf7 {"So bin ich, wenn ich mich wirklich
konzentriere."} 52...a4 53.c6 bxc6 54.Kg6 a3 55.f7 {"Gib auf!"} 55...Kb3 
56.f8=Q a2 57.Qf6 c5 58.h5 c4 59.Qa1 $1 {Das war's.} 1-0

[Event "Begrüßungsturnier Super Nova 4"]
[Site "Turnierstufe"]
[Date "2023.05.23"]
[Round "5"]
[White "Super Nova"]
[Black "Kishon Chesster"]
[Result "1/2-1/2"]
[WhiteElo "1807"]
[BlackElo "1828"]
[EventDate "????.??.??"]
[PlyCount "91"]

{Ein spannendes Remis.} 1.e4 e5 2.Bc4 Nf6 3.d4 exd4 4.Nf3 {Buchende.} 4...Nxe4 
5.Qxd4 Nf6 {Buchende.} 6.Nc3 Be7 7.Ne5 {Der Springerausfall kommt zu früh.} 
7...O-O 8.Bf4 d6 9.Nf3 Nc6 10.Qd2 Be6 11.Bb5 d5 12.O-O Ne4 13.Nxe4 dxe4 14.Bxc6 
bxc6 15.Nd4 Bd5 16.Rfd1 Bd6 17.c4 Bxc4 18.Nxc6 $10 Qf6 19.Bxd6 cxd6 20.Qd4 Qe6 
21.Qxd6 Bxa2 22.Qxe6 Bxe6 23.Re1 f5 24.f3 Rfe8 25.fxe4 Bd7 26.Nxa7 $6 {Ob sich
das ein Mensch getraut hätte? Der Springer ist aufgespießt und hat zudem keine
Felder mehr.} 26...fxe4 27.b4 e3 28.b5 Rab8 29.Ra3 e2 30.Kf2 Bxb5 31.Nxb5 Rxb5 
32.Rxe2 {Hat Super Nova diese Abwicklung gesehen, als er im 26. Zug auf a7
schlug? Wenn ja -Hut ab.} 32...Rxe2+ 33.Kxe2 Kf7 34.Rf3+ Ke6 35.Rf4 Rb2+ 36.Kf3 
g5 37.Rf8 h5 38.Rg8 g4+ 39.Kg3 Kf5 40.h3 gxh3 41.gxh3 Rb4 42.Kf3 Rb3+ 43.Kg2 
Kf4 44.Kh2 Rb2+ 45.Rg2 Rxg2+ 46.Kxg2 {und Remis.} 1/2-1/2

[Event "Begrüßungsturnier Super Nova 4"]
[Site "Turnierstufe"]
[Date "2023.05.23"]
[Round "6"]
[White "Kishon Chesster"]
[Black "Super Nova"]
[Result "1-0"]
[WhiteElo "1827"]
[BlackElo "1808"]
[EventDate "????.??.??"]
[PlyCount "85"]

{In der Caro-Cann Eröffnung wird Super Nova bereits nach dem zweiten Zug
schmählich von seiner Bibliothek allein gelassen. Der Fidelity lässt sich seine
Chance nicht entgehen: Er schnürt seinen Gegner ein und gewinnt die Partie recht
locker.} 1.e4 c6 2.d4 d5 {Buchende.} 3.Nc3 dxe4 4.Nxe4 {Buchende.} 4...e5 $6 
{Fragwürdig...} 5.dxe5 Qa5+ {... aber man muss es beweisen.} 6.Nc3 Qxe5+ 7.Nge2 
Nf6 8.Bf4 Qa5 9.a3 Be7 10.Bd6 Bxd6 11.Qxd6 Nbd7 12.O-O-O Qe5 13.Nf4 Qxd6 
14.Rxd6 O-O 15.Be2 Rd8 16.Rhd1 a6 $2 {Verteidigung ist angesagt, z.B. mit
16....h6.} 17.g4 $1 a5 $2 {Der Gegenangriff kommt zu spät.} 18.g5 Ne8 19.R6d3 
b5 20.Bf3 Ra6 21.Ne4 b4 22.Nc5 {"Ich bin gespannt, was du jetzt machst."} 
22...Ra7 23.h4 ( {Diese Variante ist wohl zu tief:} 23.Bxc6 h6 24.h4 bxa3 
25.bxa3 Rc7 26.Nxd7 Rxc6 27.Nf6+ Rxf6 28.Rxd8 Rxf4 29.Rxe8+ Kh7 30.Rxc8 Rxf2 
31.gxh6 Kxh6 {...} ) 23...h6 24.gxh6 bxa3 25.Rxa3 Nef6 26.hxg7 Re8 27.Nfd3 Nxc5 
28.Nxc5 Nd5 29.Rg1 Nf4 30.Re3 Rae7 31.Rxe7 Rxe7 32.h5 Ne2+ 33.Bxe2 Rxe2 34.h6 
Bf5 35.Nd7 Re6 36.Rh1 Bh7 37.Nf8 Rf6 {"Heiliger Strohsack!"} 38.Nxh7 Kxh7 
39.Rg1 Rg6 40.Rxg6 fxg6 41.Kd2 a4 42.Ke3 Kg8 43.Kf4 {Chesster sagt: "Gib' auf!"
Und das macht der Bediener nun für die Super Nova, die -4.25 anzeigt.} 1-0

[Event "Begrüßungsturnier Super Nova 4"]
[Site "Turnierstufe"]
[Date "2023.05.24"]
[Round "7"]
[White "Super Nova"]
[Black "Kishon Chesster"]
[Result "1-0"]
[WhiteElo "1799"]
[BlackElo "1836"]
[EventDate "????.??.??"]
[PlyCount "83"]

{Super Nova spielt erfrischend lebendig und erneut spekulativ: Seiner gewagten
Reti-Eröffnungsvariante kann Kishon Chesser nichts entgegensetzen und verliert
sang- und klanglos.} 1.Nf3 d5 2.c4 d4 3.g3 c5 {Buchende.} 4.b4 cxb4 5.a3 {Eine
Super Nova traut sich das.} 5...bxa3 6.Bxa3 Nc6 7.d3 {Buchende.} 7...Nf6 8.e3 
Bg4 9.h3 Bxf3 10.Qxf3 e5 11.Bxf8 Kxf8 12.Bg2 Kg8 {Hmmm....} 13.O-O a5 14.Nd2 a4 
15.Rfb1 Qe7 16.exd4 exd4 17.Qf4 a3 18.Rb3 h6 19.Nf3 Kh7 20.Nxd4 Nxd4 21.Qxd4 
Rhd8 {"Ooouuhhh, nicht gerade angenehm ..."} 22.Qc3 Ra6 23.Rxb7 Rd7 24.Rxd7 
Nxd7 25.d4 Kg8 26.c5 Qf6 27.c6 {"Eine Falle, was?"} 27...Nb6 28.c7 Qf5 {"Unter
uns gesagt: Meine Lage könnte ein wenig besser sein."} 29.Bb7 {Scherzkeks
Chesster fragt: "Hey, wie wäre es mit einem Remis?"} 29...Ra7 30.Qc6 Qe6 
31.Qxb6 Qxb6 32.c8=Q+ Kh7 33.Qf5+ Qg6 34.Qf3 Kg8 35.Be4 Qd6 36.Qf5 Qe6 37.Qc5 
Qd7 38.Rb1 $1 g6 39.Rb8+ Kg7 40.Qf8+ {"Ok, ich geb's zu, Ich habe dich etwas
unterschätzt."} 40...Kf6 41.Rb6+ Qe6 {Kishon Chesster gibt auf.} 42.Rxe6+ 
{(9.99)} ( 42.Qd8+ Kg7 43.Rb8 Qe8 44.Qxe8 f5 45.Qf8+ Kh7 46.Qg8# ) 1-0

[Event "Begrüßungsturnier Super Nova 4"]
[Site "Turnierstufe"]
[Date "2023.05.25"]
[Round "8"]
[White "Kishon Chesster"]
[Black "Super Nova"]
[Result "1/2-1/2"]
[WhiteElo "1825"]
[BlackElo "1810"]
[EventDate "????.??.??"]
[PlyCount "101"]

{In Partie Nr. 8 reisst sich das Plappermaul zusammen, redet weniger und spielt
dafür umso besser. Aber der Favorit kann erneut nicht gewinnen.} 1.d4 d5 2.c4 
c6 {Buchende.} 3.Nf3 Nf6 4.Nc3 e6 5.e3 {Buchende.} 5...Bb4 6.Bd3 Bxc3+ 7.bxc3 
O-O 8.Ba3 Re8 9.O-O Nbd7 10.cxd5 exd5 11.Qc2 Ne4 12.c4 Qa5 13.Qb3 Ndf6 14.cxd5 
cxd5 15.Bb4 Qb6 16.Ne5 Be6 17.f3 a5 18.Be1 {"Ich bin gespannt, was du jetzt
machst." In der Tat steht Weiß besser, hat das starke Läuferpaar und die
schwarze Stellung ist löchrig wie ein Emmentaler, die Bauern a5 und d5 sind
Wackelkandidaten.} 18...Qxb3 19.axb3 Nd6 20.Bxa5 Nd7 21.Rfc1 Nxe5 22.dxe5 Nf5 
23.Bb6 Rxa1 24.Rxa1 Ne7 25.Bd4 Nc6 26.Bb5 Bd7 27.Bxc6 bxc6 {Nun, mit
ungleichfarbigen Läufern auf dem Brett könnte Super Nova ein Remis schaffen.} 
28.Ra7 Bf5 29.Kf2 h6 30.g4 Bg6 ( {Besser:} 30...Be6 {um} 31.Rc7 {zu verhindern.} 
) 31.Rc7 {Jetzt wird die Lage sehr ernst für Schwarz, denn} 31...Re6 $2 {geht
schlecht, natürlich wegen} 32.f4 $1 Bc2 33.f5 $1 Re8 34.e6 $1 f6 35.Rxc6 Bxb3 
36.Rc7 Ba2 37.Kg3 Bb1 38.h3 h5 39.Kf4 hxg4 40.hxg4 Rf8 41.e7 $6 {Zu früh, jetzt
wird's schwierig für Kishon Chesster zu gewinnen.} ( {Es gewinnt z.B:} 41.Bc5 
Re8 42.g5 {...} ) 41...Re8 42.Rb7 Be4 43.Rd7 Kf7 44.Bc5 Bg2 45.g5 fxg5+ 46.Kxg5 
Bf3 47.Rd8 Be4 48.Rxe8 {Jetzt ist es endgültig ein Remis.} 48...Kxe8 49.Kg6 Bd3 
50.Ba3 Be4 51.Kg5 {Weiß muss den Bauern e7 bewachen, während nur auf der
Diagonale b1-h7 bleibt. Also Remis.} 1/2-1/2

[Event "Begrüßungsturnier Super Nova 4"]
[Site "Turnierstufe"]
[Date "2023.05.26"]
[Round "9"]
[White "Super Nova"]
[Black "Kishon Chesster"]
[Result "1/2-1/2"]
[WhiteElo "1810"]
[BlackElo "1825"]
[EventDate "????.??.??"]
[PlyCount "140"]

{Kishon Chesster unterschätzt die Gefahren am Königsflügel und wird von Super
Nova souverän überspielt. Doch am Ende wird's für den Novag ein enttäuschendes
Remis. Achtung! Partien immer zu Ende spielen!} 1.e4 e5 2.Nf3 Nc6 3.Bb5 a6 
4.Ba4 Nf6 5.O-O Be7 6.Re1 b5 7.Bb3 O-O 8.c3 d6 9.h3 Na5 10.Bc2 c5 11.d4 
{Buchende.} 11...Qc7 12.Nbd2 cxd4 13.cxd4 Bb7 {Buchende.} 14.Re3 {Ungewöhnlich,
aber wohl nicht schlecht, der Turm will nach c3. Üblicherweise wird hier 14.d5
oder 14.Sf1 gespielt.} 14...Nc4 $6 {Nicht so gut.} ( {Besser:} 14...exd4 ) 
15.Nxc4 exd4 16.Nxd4 bxc4 17.Nf5 Rfe8 $2 18.Rg3 $1 Kh8 19.Nxg7 {"Du bist
schlauer als du aussiehst."} 19...Rg8 20.Nf5 Rxg3 21.Nxg3 d5 22.exd5 Rg8 23.Qd4 
Bxd5 24.Bf4 Qc6 25.Re1 Bc5 26.Qc3 {"Hör' mal, du beginnst gefährlich zu
werden."} 26...Bxg2 27.Ba4 Qb6 28.Be5 Bxf2+ 29.Kxg2 Rxg3+ 30.Bxg3 Bxe1 31.Bxe1 
Qb7+ 32.Kf2 Qb6+ 33.Kf1 Qe6 34.b3 Qf5+ 35.Ke2 cxb3 36.Bxb3 Qe4+ 37.Qe3 Qg2+ 
38.Kd3 Qg6+ 39.Kd4 Qf5 40.Bd2 Nd7 41.Qh6 f6 42.Be3 Qa5 43.Ke4 Qb5 44.Kf3 Qd3 
45.Kg2 Qe2+ 46.Kg3 Qe1+ 47.Bf2 Qe7 48.Bc4 a5 49.Bb3 Ne5 50.Bb6 {Wie gewinnt man
ein gewonnenes Spiel? Mit Mattdrohung und Damentausch.} ( {So z.B.:} 50.Bc5 Qd8 
( 50...f5 51.Bxe7 f4+ 52.Qxf4 Nd7 53.Bf6+ Nxf6 54.Qxf6# ) 51.Qf8+ Qxf8 52.Bxf8 
{...} ) 50...Nd7 51.Be3 Ne5 52.Kf4 Qd6 53.Kf5 $2 {Auweia. Jetzt hat Schwarz ein
Remis im Petto.} 53...Ng6 54.Bf7 Qd3+ 55.Kxf6 Qc3+ 56.Kf5 Qc2+ 57.Kg5 Qe4 
58.Bd4+ Qxd4 59.Bxg6 Qe3+ {Und der König muss dauerhaft seine Dame schützen.
Remis.} 60.Kh5 Qxh3+ 61.Kg5 Qe3+ 62.Kh5 Qe5+ 63.Kg4 Qe6+ 64.Kh5 Qd5+ 65.Kh4 
Qh1+ 66.Kg5 Qg2+ 67.Kf6 Qc6+ 68.Kg5 Qc1+ 69.Kh5 Qd1+ 70.Kh4 Qe1+ {Jetzt ist aber
gut, da passiert nix mehr.} 1/2-1/2

[Event "Begrüßungsturnier Super Nova 4"]
[Site "Turnierstufe"]
[Date "2023.05.27"]
[Round "10"]
[White "Kishon Chesster"]
[Black "Super Nova"]
[Result "1/2-1/2"]
[WhiteElo "1825"]
[BlackElo "1810"]
[EventDate "????.??.??"]
[PlyCount "77"]

1.e4 d5 2.exd5 Nf6 3.d4 Nxd5 4.c4 Nb6 5.Nf3 Bg4 6.Be2 e6 7.O-O Nc6 8.b3 Bxf3 
9.Bxf3 Nxd4 10.Bxb7 Rb8 11.Be3 Rxb7 {Buchende.} 12.Qxd4 {Buchende.} 12...Qxd4 
13.Bxd4 c5 14.Bc3 Nd7 15.Re1 Nf6 16.Nd2 Be7 17.Nf3 O-O 18.Ne5 Rd8 19.Nc6 Rd3 
20.Nxe7+ Rxe7 21.Rac1 Red7 22.b4 cxb4 23.Bxb4 Rc7 24.c5 Rc6 {Der
schutzbedürftige weiße c-Bauer ist das Angriffsziel für Super Nova.} 25.Re3 
Rxe3 26.fxe3 Nd5 27.Bd2 f5 28.Kf2 e5 29.Kf3 Nf6 30.a4 Ne4 31.Bb4 Kf7 32.h3 h5 
33.a5 Ke6 34.g4 hxg4+ 35.hxg4 Ng5+ 36.Kg3 Ne4+ {Kishon Chesster bietet Remis
an.} 37.Kf3 Ng5+ {(0.00)} 38.Kg3 Ne4+ 39.Kf3 {Remis 3x} 1/2-1/2

[Event "Begrüßungsturnier Super Nova 5"]
[Site "Turnierstufe"]
[Date "2023.05.29"]
[Round "1"]
[White "Super Nova"]
[Black "Reflection II Glasgow III-S 1,7 GHz"]
[Result "0-1"]
[WhiteElo "1810"]
[BlackElo "2000"]
[EventDate "????.??.??"]
[PlyCount "76"]

{Glasgow gewinnt nicht, weil er überlegen ist, sondern weil Super Nova es mit
Dschungelschach gegen den selektiven Mephisto probiert und dabei strauchelt.} 
1.c4 {Buchende.} 1...c6 2.e4 d6 3.d4 Nf6 4.Nc3 Nbd7 5.Nf3 e5 6.Be2 Be7 
{Buchende.} 7.Be3 Qa5 8.O-O O-O 9.Nd2 exd4 10.Nb3 Qb4 11.Qxd4 Ne5 12.Bd2 c5 
13.Nd5 Nxd5 14.Bxb4 cxd4 15.cxd5 d3 16.Bh5 f5 17.Rae1 g6 18.f4 a5 19.Nxa5 $5 
{Dschungelschach!? Das überlässt man doch eher den Spracklen-Programmen.} 
19...Bd8 $1 {Der beste Gegenzug.} 20.Nxb7 $2 Bb6+ 21.Kh1 Bxb7 22.fxe5 fxe4 
23.Rxf8+ Rxf8 24.Bg4 {(-0.71) Dabei ist die Partie bereits gewonnen für
Glasgow.} 24...Bxd5 {(+0.92)} 25.exd6 e3 26.d7 Rf4 27.Bc5 d2 {(6.48)} 28.d8=Q+ 
{(-7.33)} 28...Bxd8 29.Rd1 Rxg4 30.Bxe3 Rxg2 31.Rxd2 Rxd2+ 32.Kg1 Rxb2 33.a3 
Bh4 {Mattankündigung.} 34.Bc1 Re2 35.Bd2 Rxd2 36.Kf1 Bg2+ 37.Kg1 Bh3 38.a4 Rd1# 0-1

[Event "Begrüßungsturnier Super Nova 5"]
[Site "Turnierstufe"]
[Date "2023.05.30"]
[Round "2"]
[White "Reflection II Glasgow III-S 1,7 GHz"]
[Black "Super Nova"]
[Result "1/2-1/2"]
[WhiteElo "2005"]
[BlackElo "1805"]
[EventDate "????.??.??"]
[PlyCount "149"]

{Super Nova har den Sieg vor Augen, schafft aber selbstverschuldet nur ein Remis
gegen den großen Favoriten.} 1.e4 e5 2.Nf3 Nc6 3.Bb5 a6 4.Ba4 Nf6 5.d4 exd4 
6.O-O Be7 7.e5 Ne4 8.Nxd4 O-O {Buchende.} 9.c4 {Buchende.} 9...Nxd4 $5 {Warum
schlägt er nicht den Bauern auf e5?} ( {z.B.:} 9...Nxe5 10.Bc2 Nf6 11.Nc3 d6 
12.b3 Re8 13.Re1 Bd7 14.Bb2 {...} ) 10.Qxd4 Nc5 11.Nc3 Nxa4 12.Nxa4 d6 13.Bf4 
dxe5 14.Qxe5 Bd6 15.Qd4 Be7 16.Qxd8 Bxd8 17.Rfe1 h6 18.Rad1 b5 19.Nc3 bxc4 
20.f3 Be6 21.Re4 Re8 22.Nd5 c6 23.Nc3 Bb6+ 24.Kf1 Rad8 25.Rxd8 Rxd8 26.Na4 Ba7 
27.Ke1 g5 28.Be3 Bxe3 29.Rxe3 Rb8 30.Re2 Bf5 31.Nc5 Bd3 32.Rd2 Rb5 33.Nd7 Kg7 
34.a4 Rd5 35.Nb8 $2 {Jetzt ist Super Nova klar im Vorteil.} 35...c5 36.Kf2 $2 ( 
36.Nc6 Rd6 37.Na5 {... wäre definitiv vorzuziehen.} ) 36...Rd6 {Der Springer
sieht sehr verloren aus.} 37.a5 f6 38.Rd1 Kf7 39.h4 gxh4 40.Rh1 Rd8 $2 {Schade!
Vergibt den ganzen Vorteil.} ( 40...Re6 $1 {Weiß könnte aufgeben, denn es gibt
keine guten Züge mehr. 41. Te1 verliert nach dem Abtausch - also:} 41.Rd1 Re2+ 
42.Kg1 Rxb2 43.Nxa6 c3 44.Rxd3 c2 45.Rc3 Rb1+ 46.Kf2 c1=Q 47.Rxc1 Rxc1 {...} ) 
41.Nxa6 c3 42.Nxc5 cxb2 43.Nxd3 Rxd3 44.Rb1 Rd2+ 45.Kg1 Rc2 46.Kh2 h5 47.a6 Rc6 
48.Rxb2 Rxa6 49.Rb7+ Kg6 50.Rb4 Kg5 51.Kh3 Ra1 52.f4+ Kf5 53.Kxh4 Rh1+ 54.Kg3 
h4+ 55.Kf2 Rc1 56.Ke3 Kg4 57.Rb6 Kf5 {(0.00)} 58.Rb5+ {(0.00)} 58...Kg4 59.Rb6 
Kf5 60.Rb4 Rc3+ {Rest in 1 Min./Zug.} 61.Kf2 Kg4 62.f5+ Kg5 63.Rd4 Rc5 64.Kf3 
Rxf5+ {Trotz des Mehrbauern dürfte Schwarz nicht gewinnen können.} 65.Ke3 Rf1 
66.Ra4 f5 67.Rd4 f4+ 68.Ke2 Rc1 69.Rd3 Kg4 70.Rd8 Rc2+ 71.Kf1 Kg5 72.Rg8+ Kf5 
73.Rf8+ Kg4 {(0.00)} 74.Rd8 {(0.00)} 74...Ra2 75.Rg8+ {und Schwarz kommt nicht
weiter, deshalb: Remis.} 1/2-1/2

[Event "Begrüßungsturnier Super Nova 5"]
[Site "Turnierstufe"]
[Date "2023.06.26"]
[Round "3"]
[White "Super Nova"]
[Black "Reflection II Glasgow III-S 1,7 GHz"]
[Result "0-1"]
[WhiteElo "1810"]
[BlackElo "2000"]
[EventDate "????.??.??"]
[PlyCount "140"]

{Partie 3 ist einn Wechselbad der Möglichkeiten. Zunächst hat der Novag eine
klar vorteilhafte Stellung. Dann macht Super Nova aber ungenaue Züge, weil er in
komplexer Situation nicht tief genug rechnen kann. Schließlich folgt noch ein
fragwürdiges PSH-Qualitätsopfer auf d5 und das Spiel wendet sich zugunsten des
Mephisto. Das Glasgow-Programm steht danach ganz klar auf Gewinn, erlaubt es
aber dem Novag mehrfach durch Fehlzüge, den Remishafen anzusteuern. Aber leider
versemmelt der Kleine - ebenfalls mehrfach - seine Chancen zum Unentschieden und
der Reflection-Glasgow kann gewinnen.} 1.e4 e6 2.d4 d5 3.Nd2 c5 4.exd5 Qxd5 
5.Ngf3 cxd4 6.Bc4 Qd6 7.O-O Nf6 8.Nb3 Be7 9.Nbxd4 {Buchende.} 9...a6 
{Buchende.} 10.Qe2 O-O 11.Rd1 Qc7 12.Ne5 Rd8 13.Bf4 Nd5 {An dieser Stelle sieht
Hiarcs 15.1 bereits den Gewinn von zwei schwarzen Bauern voraus, beginnend mit
14. Lxd5!. Das können die beiden Oldies natürlich nicht errechnen.} 14.Bg3 Qb6 
15.Bb3 a5 16.Qh5 g6 17.Qh6 $6 {Auf f3 hätte die Dame mehr Spielraum.} 17...Bf6 
18.Nc4 ( {Hiarcs hätte hier temporär Springer und Dame geopfert!:} 18.Nxf7 Bg7 
19.Nxe6 Bxe6 20.Nxd8 Bxh6 21.Nxe6 Nc6 22.Nc7 Rf8 23.Nxd5 Qa7 24.Nc7+ Kh8 25.Ne6 
Re8 26.Rd7 {... Wahnsinn!} ) 18...Qc5 19.Be5 a4 20.Nxe6 $2 {Der Läufer sollte
auf f6 schlagen, jetzt kommt Schwarz klar in Vorteil.} 20...fxe6 21.Bxf6 Qf8 
22.Rxd5 $5 {Wieder mal so ein Novag-Passt-Sicher-Halbwegs-Einschlag.} 22...exd5 
23.Qh4 axb3 24.Bxd8 Rxa2 25.Rc1 Nc6 $1 {Richtig. Es sieht schlecht aus für die
Super Nova.} 26.Nb6 Be6 27.Bg5 bxc2 28.Bh6 Qf5 29.b4 Rb2 {(+3.27)} 30.Bd2 
{(-1.06)} 30...Rb1 31.h3 Qd3 32.Qf4 Rxc1+ 33.Bxc1 Qb3 $2 {Schlecht! Jetzt kann
Weiß wieder kämpfen. Warum nicht ganz einfach 33....Dd4?} 34.Bd2 ( {Besser ist:} 
34.Qd6 $1 Bf7 35.Bd2 c1=Q+ 36.Bxc1 Qxb4 {...} ) 34...Bf5 35.f3 ( {Erneut sollte} 
35.Qd6 {geschehen. Es fehlt an Rechenkraft.} ) 35...d4 36.Kh2 d3 $2 37.Qe3 
{Mephisto liefert seinem Gegner erneut eine Steilvorlage, um zu einem Remis zu
kommen, aber erneut nimmt der Novag seine Chance nicht wahr:} ( 37.g4 $1 Qa2 ( 
37...Be6 38.Qf6 c1=Q 39.Bxc1 Qc2+ 40.Kg3 Qxc1 41.Qxe6+ {...} ) 38.Kg3 Ne7 
39.Qe3 Qe6 40.Kf2 Qxe3+ 41.Kxe3 Be6 42.Kxd3 {...} ) 37...Qe6 38.Qf4 Ne5 39.Be3 
Qd6 40.Kh1 h5 41.b5 Nf7 42.Na8 Qd8 43.Nc7 Qf6 44.Nd5 Qa1+ 45.Kh2 Kh7 46.b6 Qe1 
$4 {Jetzt hat Weiß wieder ein Remis im Petto.} 47.Nf6+ Kg7 48.Nd5 h4 49.Bd4+ 
{(0.00)} 49...Kg8 {(2.30)} 50.Qb8+ Kh7 {(0.00)} 51.Nf6+ {(0.00)} 51...Kh6 
52.Qf8+ $4 {Vergibt das Remis wieder. 52. Sg4+ oder Sg8+ sind angesagt.} 
52...Kg5 53.f4+ Kxf4 54.Nd5+ Ke4 55.Qe8+ {(+0,36) Will Super Nova noch gewinnen?
Illusorisch.} 55...Kxd4 {(-0,25)} 56.Qxe1 Kxd5 57.Qe3 Ne5 58.Qg5 Nc4 59.Qd8+ 
Kc6 60.Qe8+ Kxb6 {Rest der Partie in je 1 Stunde.} 61.Qd8+ Kb5 62.Qd5+ Kb4 
63.Qxb7+ Ka3 64.Qa8+ Kb3 65.Qb8+ Kc3 66.Qh8+ Kd2 67.Qxh4 c1=Q 68.Qf4+ Kd1 
69.Qf2 Qe3 70.Qxe3 Nxe3 {und Ende.} 0-1

[Event "Begrüßungsturnier Super Nova 5"]
[Site "Turnierstufe"]
[Date "2023.06.27"]
[Round "4"]
[White "Reflection II Glasgow III-S 1,7 GHz"]
[Black "Super Nova"]
[Result "1/2-1/2"]
[WhiteElo "2005"]
[BlackElo "1805"]
[EventDate "????.??.??"]
[PlyCount "130"]

{In dieser Partie geht die Super Nova zunächst chancenlos baden. Erst wird sie
von der Bibliothek frühzeitig im Regen stehen gelassen und dann sorgt einer
dieser eher spekulativen Springerausfälle dafür, dass der schnelle Mephisto sich
nicht sonderlich anstrengen muss, um einen Sieg einzufahren. Nach zwei
katastrophalen Fehlzügen des Favoriten wendet sich aber das Blatt. Leider hat
der Novag nicht genug Rechenpower, um seine klaren Möglichkeiten zum Sieg zu
nutzen, er gleicht jedoch am Ende aus.} 1.e4 d6 {Buchende.} 2.Nf3 Nf6 3.Nc3 
{Buchende.} 3...Bg4 4.d4 e5 5.dxe5 Bxf3 6.gxf3 dxe5 7.Qxd8+ Kxd8 {Verpasste
Rochade gegen weißen Doppelbauer ...} 8.Bc4 {... und Entwicklungsvorsprung.} 
8...Ke8 9.Rg1 Nc6 10.Be3 Rd8 11.Nb5 Nd4 $2 {Ein dicker Fehler. Solche
frühzeitigen und eher schädlichen Springerausfälle sieht man bei der Super Nova
leider häufiger.} ( 11...Rd7 12.Nxa7 Nd4 13.Bxd4 Rxd4 14.Bb3 {... mit dieser
Variante kann Schwarz besser weiterspielen.} ) 12.Bxd4 exd4 13.Nxc7+ {Der
wichtige c-Bauer geht mit Schach flöten.} 13...Kd7 14.Nb5 Rc8 15.b3 g6 16.Nxa7 
Ra8 17.Nb5 Bg7 18.Nxd4 Rhd8 19.Nf5 Bf8 20.O-O-O+ Kc7 21.Nd4 Rxa2 22.Kb1 Rda8 
23.Bxf7 Kb6 24.Rdf1 $4 {Für diesen Gurkenzug brauchte der Glasgow 13 Minuten 9
Sekunden! Bewertung: +2.52.} 24...Nh5 {Nur der zweitbeste Zug. Die beste
Fortsetzung ist wohl zu langzügig:} ( 24...Bb4 $1 25.c4 Nd7 26.Nc2 Bc3 27.b4 
Rb2+ 28.Kc1 Ne5 29.Rd1 Nxf7 {...} ) 25.e5 $4 {Die zweite Gurke.} 25...Bg7 
{Super Nova kann das Matt in 9 nicht erkennen. Ein Mensch hätte hier
wahrscheinlich ohne großes Nachdenken den Läufer nach b4 gezogen, wegen der
Schwächen auf den schwarzen Feldern um den König.} ( 25...Bb4 $3 26.c3 Bxc3 
27.Kc1 Nf4 28.Nc2 Ne2+ 29.Kd1 Nd4 30.Rxg6+ hxg6 31.Bxg6 Ra1+ 32.Nxa1 Rxa1+ 
33.Bb1 Rxb1# ) 26.f4 Nxf4 27.b4 Ra1+ 28.Kb2 Rxf1 29.Rxf1 Bxe5 30.c3 Nd3+ 31.Kb3 
Rf8 32.Bc4 Nxf2 33.Bg8 Rxg8 34.Rxf2 Rd8 35.Rd2 g5 36.h3 h5 37.Kc4 Rd6 38.Rg2 
Bf6 39.Rg3 Rd7 40.Ne6 Rd6 41.Nc5 Rc6 {Das sieht alles sehr remislich aus, aber
man weiß ja nie, was unseren Oldies so in den Sinn kommt.} 42.Kb3 Be7 43.Ne4 
Rg6 44.Ka4 g4 45.Rd3 gxh3 46.Nd2 $2 {Huch!} 46...h2 47.Rh3 Rg2 48.Nc4+ $2 Kc7 ( 
48...Ka7 $1 {gewinnt.} ) 49.Ne3 Rg3 $1 {Gut gesehen, aber ob das zum Sieg
reicht?} 50.Nd5+ Kd6 51.Rxh5 h1=Q 52.Rxh1 Kxd5 53.Rh7 Bd6 {So reicht's nur zum
Remis.} 54.Rxb7 Rxc3 55.Rb5+ Kc6 56.Ra5 Rc4 57.Ra6+ Kd5 58.Rb6 Rf4 59.Rb5+ Kc6 
60.Ka5 Rf1 {Rest in je 1 Stunde.} 61.Rb6+ Kc7 62.Ka6 Ra1+ 63.Kb5 Bxb4 64.Rc6+ 
Kd7 65.Ra6 Rb1 {und Schluss! Remis.} 1/2-1/2